Kuželník /

Hlavní autor: Kot, Jozef, 1936-2022
Další autoři: Křemenáková, Anna, 1926-
Jazyk: Čeština
Vydáno: Praha : Melantrich, 1988
Vydání: 1. vyd.
Edice: Česká próza (Melantrich)
Externí odkaz: Digitalizovaný dokument
Fyzický popis: 116 s. ; 20 cm
Knihy
Uloženo v:
LEADER 01126nam a22003252a 4500
001 000862485
003 CZ BrMZK
005 20070903105623.0
007 ta
008 070820s1988 xr er|||||||||||cze d
015 |a cnb000038916 
020 |q (Váz.) :  |c Kčs 12,00 
035 |a (OCoLC)39439101 
040 |a ABA001  |b cze  |d ABA001 
041 1 |a cze  |h slo 
080 9 |a 885.4-32 
100 1 |a Kot, Jozef,  |d 1936-2022  |7 jn20000603501  |4 aut 
245 1 0 |a Kuželník /  |c Jozef Kot ; ze slov. přel. Anna Křemenáková ; obálka, vazba a graf. úprava Vlasta Machová 
250 |a 1. vyd. 
260 |a Praha :  |b Melantrich,  |c 1988 
300 |a 116 s. ;  |c 20 cm 
490 1 |a Česká próza 
700 1 |a Křemenáková, Anna,  |d 1926-  |7 jk01070028  |4 trl 
765 0 |t Kolkáreň  |9 Česky 
830 0 |a Česká próza (Melantrich)  |0 s 
856 4 1 |u http://www.digitalniknihovna.cz/mzk/uuid/uuid:277bddd0-68a1-11e4-8991-005056827e51  |y Digitalizovaný dokument  |x NDK 
910 |a BOA001  |b 1-0930.538 
990 |a BK 
991 |b 200708 
996 6 |b 2619601898  |c 1-0930.538  |l MZK  |r Sklad / do 1 hodiny  |n 0  |w 000862485  |u 000010  |a 1  |e BOA001  |j MZK50  |s P